| 000 | 01255nam0a2200325 4500 | ||
|---|---|---|---|
| 001 | RU\NLR\bibl\1260403 | ||
| 005 | 20260409080600.0 | ||
| 010 |
_a978-5-222-13163-3 _95000 |
||
| 021 |
_aRU _b2008-48031 _92655 |
||
| 035 | _a(NLR Aleph) 001246401 | ||
| 090 |
_a291320 _c291320 |
||
| 100 | _a20080811d2008 |||y0rusy50 ca | ||
| 101 | 1 |
_arus _cund |
|
| 102 | _aRU | ||
| 105 | _ay ||||||||| | ||
| 200 | 1 |
_aРазгадки Торы _eзнатоки Талмуда приподнимают завесу над тайнами Священного Писания _e[перевод] _fАвраам Яков Финкель |
|
| 210 |
_aРостов-на-Дону _cФеникс _d2008 |
||
| 215 |
_a277, [8] с. _d25 |
||
| 225 | 1 | _aСерия "Еврейский мир" | |
| 320 | _aДр. произведения авт. в конце кн. | ||
| 500 |
_aБиблия _iВ.З. _iПятикнижие _3RU\NLR\auth\553094 _92631046 |
||
| 605 |
_aТора _xТолкование _92266446 _3RU\NLR\auth\661358617 |
||
| 686 | _aЭ37-210.91 | ||
| 700 | 1 |
_aФинкель _bА. Я. _gАвраам Яков _4070 |
|
| 801 | 0 |
_aRU _bNLR _c20080811 _gRCR |
|
| 801 | 1 |
_aRU _bNLR _c20080811 |
|
| 942 | _cBOOK | ||
| 980 | _aNB | ||